| 000 | 00517nam a22001457a 4500 | ||
|---|---|---|---|
| 003 | OSt | ||
| 005 | 20151118142919.0 | ||
| 008 | 151118b xxu||||| |||| 00| 0 eng d | ||
| 040 | _cFIS ហេង 1994 B155 Or.1 | ||
| 100 |
_93860 _aហេង ពិសិដ្ឋ |
||
| 245 | _aអង្កេតស្រាវជ្រាវការចិញ្ចឹមត្រីតាមបែនៅខេត្តពោធិ៍សាត់ | ||
| 260 |
_aPhnom Penh _bRUA _c1994 |
||
| 300 |
_a89p. _bill. _c29cm. |
||
| 942 |
_2ddc _cFIS |
||
| 999 |
_c3588 _d3588 |
||